Statistics for Asian Capitals Without First or Last Letters Quiz #4

Click here to take the quiz!

General Stats

  • This quiz has been taken 22 times
  • The average score is 11 of 12

Answer Stats

Asian Capitals Without First or Last LettersFull Asian Capitals (and Countries)% Correct
aghdaBaghdad (Iraq)
100%
eiruBeirut (Lebanon)
100%
ingaporSingapore (Singapore)
100%
aipeTaipei (Taiwan)
100%
mmaAmman (Jordan)
95%
ilDili (East Timor)
95%
anilManila (Philippines)
95%
hno enPhnom Penh (Cambodia)
95%
b habAbu Dhabi (United Arab Emirates)
91%
ishkeBishkek (Kyrgyzstan)
91%
hakDhaka (Bangladesh)
86%
aypyitaNaypyitaw (Myanmar)
73%

Score Distribution

Percentile by Number Answered

Percent of People with Each Score

Your Score History

You have not taken this quiz